Statistiche per Classifica Serie A 2012-2013

Clicka qui per fare il quiz!

Statistiche generali

  • Questo quiz è stato fatto 27 volte
  • Il punteggio medio è 17 su 20

Statistiche sulle risposte

SquadraPuntiVintePareggiatePerseGol fattiGol subiti% Corretto
Inter54166165557
100%
Juventus8727657124
100%
Milan7221986739
100%
Napoli7823967336
100%
Roma62188127156
95%
Lazio61187135142
90%
Sampdoria421110174351
90%
Atalanta40119183956
86%
Fiorentina70217107244
86%
Genoa38814163852
86%
Palermo32614183454
86%
Udinese66181285945
86%
Bologna441111164652
81%
Catania561511125046
81%
Torino39816144655
81%
Cagliari471211154355
71%
Parma491310154546
71%
Siena3099203657
71%
ChievoVerona45129173752
67%
Pescara2264282784
52%

Distribuzione punteggi

Percentile per numero di risposta

Percentuale di utenti per punteggio

I tuoi punteggi nel tempo

Non hai fatto questo quiz